00318nam a2200133Ia 4500008004100000020001500041041001200056082001600068100001400084245002700098260003600125300000800161650001500169221030s9999 xx 000 0 und d a8186830081 aEnglish a105.23bSou aM. Sourie 0aDictionary of IT Terms bPentagon PressaNew Delhic2001 a406 aDictionary